| 000 | 00355nam a22001337a 4500 | ||
|---|---|---|---|
| 999 |
_c155374 _d155374 |
||
| 082 |
_a _b |
||
| 100 | _aSushil Dharmani | ||
| 100 | _aRenu Hingorani | ||
| 245 |
_aSamkalin bharathiya sahitya me adhunik yugbhodh/ _cby Sushil Dharmani and Renu Hingorani. |
||
| 260 |
_aKanpur: _bAbhaya Prakashan, _c2012. |
||
| 300 | _a309p. | ||
| 650 | _a | ||
| 942 | _cBK | ||